Nezamestnanosť ako makroekonomický problém - dôsledky a náklady nezamestnanosti

Nezamestnanosť ako najvážnejší sociálny problém ekonomiky krajín strednej a východnej Európy. Dôsledky nezamestnanosti. Dôsledky masovej nezamestnanosti. Slovenský model spoločenských nákladov a strát spôsobených nezamestnanosťou.

Salvato in:
Dettagli Bibliografici
Autore principale: Sobotová, Anna
Altri autori: Lennerová, Ivana, 1979-
Natura: Capitolo di libro
Lingua:slovacco
Soggetti:
Tags: Aggiungi Tag
Nessun Tag, puoi essere il primo ad aggiungerne!!

MARC

LEADER 00000nla$a2200000$$$4500
001 0053982
005 20240502071626.5
041 0 |a slo 
044 |a SK 
245 1 0 |a Nezamestnanosť ako makroekonomický problém - dôsledky a náklady nezamestnanosti  |c Anna Sobotová, Ivana Lennerová 
520 |a Nezamestnanosť ako najvážnejší sociálny problém ekonomiky krajín strednej a východnej Európy. Dôsledky nezamestnanosti. Dôsledky masovej nezamestnanosti. Slovenský model spoločenských nákladov a strát spôsobených nezamestnanosťou. 
610 2 0 |a nezamestnanosť 
610 2 0 |a úroveň životná 
610 2 0 |a podmienky sociálne 
610 2 0 |a podmienky životné 
610 2 0 |a rodina 
610 2 0 |a financie 
610 2 0 |a zdravie 
610 2 0 |a náklady 
610 2 0 |a príjmy 
100 1 |a Sobotová, Anna 
700 1 |a Lennerová, Ivana, 1979-